000
00243 a2200073 4500
245
0
_a
Propagation Factors in Space Communications /
_c
Blackband W.T..
710
2
_a
Technivision.
_e
Wydawca
_4
pbl
260
_a
Maidenhead :
_b
Technivision,
_c
1967.
300
_a
XIV, 569 s.;
_c
25 cm.
999
_c
2883
_d
2883